| 000 | 00649nam a2200217Ia 4500 | ||
|---|---|---|---|
| 003 | OSt | ||
| 005 | 20240802123609.0 | ||
| 008 | 210210b1986 xxu||||| |||| 00| 0 eng d | ||
| 040 | _cAL | ||
| 041 | _akan | ||
| 082 | _aK894.8 RAMV | ||
| 100 |
_aRAMAPRASADA (N S): ರಾಮಪ್ರಸಾದ (ಎನ್ ಎಸ್) Ed _9174916 |
||
| 245 |
_aVishva kannada S3: _bವಿಶ್ವ ಕನ್ನಡ ಸಂ ೩ |
||
| 260 |
_aBengaluru _bKannada mattu Samskrati Nirdeshanalaya _c1986 |
||
| 300 | _a338 | ||
| 440 |
_a3 _9174917 |
||
| 650 |
_aLalitakale janapada _9174918 |
||
| 690 |
_aKannada Miscellaneous _9174919 |
||
| 906 | _a040063 | ||
| 942 |
_2ddc _cBK |
||
| 999 |
_c89980 _d89980 |
||